PSA Pillai Criminal Law (Record no. 199113)

MARC details
000 -LEADER
fixed length control field 00630nam a22001937a 4500
005 - DATE AND TIME OF LATEST TRANSACTION
control field 20231116120307.0
010 ## - LCCN (DPL NO)
LC control number ENG-138394
020 ## - INTERNATIONAL STANDARD BOOK NUMBER
Terms of availability 1150.00
International Standard Book Number 9788119403035
035 ## - SYSTEM CONTROL NUMBER
System control number EN-121926
037 ## - SOURCE OF ACQUISITION
Source of stock number/acquisition DBAD
082 ## - DEWEY DECIMAL CLASSIFICATION NUMBER
Classification number 345.42
Edition number 15
100 ## - MAIN ENTRY--PERSONAL NAME
Personal name Vibhute, K I
245 ## - TITLE STATEMENT
Title PSA Pillai Criminal Law
Statement of responsibility, etc By K I Vibhute
Medium English
250 ## - EDITION STATEMENT
Edition statement 15
260 ## - PUBLICATION, DISTRIBUTION, ETC. (IMPRINT)
Place of publication, distribution, etc Gurgaon
Name of publisher, distributor, etc Lexis Nexis
Date of publication, distribution, etc 2022
270 ## - ADDRESS
Address 14thn Floor, Building No 10, Tower-B, DLF Cyber City, Phase-II
City Haryana
Postal code 122002
Telephone number 911244774444
Electronic mail address help.in@lexisnexis.com
Fax number 911244774100
300 ## - PHYSICAL DESCRIPTION
Extent 1030p.
Dimensions 24cm(pbk)
942 ## - ADDED ENTRY ELEMENTS (KOHA)
Source of classification or shelving scheme Dewey Decimal Classification
Item type English Books
Classification part 345.42
Call number suffix VIB
Holdings
Withdrawn status Lost status Not for loan Collection code Home library Current library Date acquired Source of acquisition Cost, normal purchase price Full call number Barcode Copy number Cost, replacement price Koha item type
    Not For Loan Reference Bawana Bawana 16/11/2023 DBAD/PUB 1150.00 345.42 VIB EN-121926 1 1150.00 English Books

© Delhi Public Library
Hit Counter
free hit counter